Szczegóły MARC21

Dokonania współczesnej myśli ekonomicznej - teorie ekonomiczne a polityka gospodarcza państw : praca zbiorowa /

003 -Nazwa inst., której nr kontr. jest w polu 001 [,]
    • @
    • Nazwa instytucji, której n kontrolny jest w polu 001
    • NUKAT
005 -DATA I CZAS OSTATNIEJ MODYFIKACJI [,]
    • @
    • pole kontrolne
    • 20241231090139.0
020 -Międzynarod. znormalizowany nr książki - ISBN [ , ]
    • a
    • Numer ISBN
    • 837246054X Find
040 -Instytucja sporządzająca opis [ , ]
    • a
    • Instytucja, która sporządziła opis (NP)
    • KR U/MM
    • c
    • Instytucja, która sporządziła rekord (NP)
    • KR U/MM
    • d
    • Instytucja, która zmodyfikowała rekord (P)
    • KR U/mal
    • d
    • Instytucja, która zmodyfikowała rekord (P)
    • LUBL U/MGas
    • d
    • Instytucja, która zmodyfikowała rekord (P)
    • WA U/MMs
041 -Język dokumentu [0, ]
    • a
    • Język tekstu (P)
    • polski
    • a
    • Język tekstu (P)
    • czeski
    • b
    • Język streszczeń lub abstraktu (P)
    • polski
942 -Rodzaj dokumentu [ , ]
    • c
    • Rodzaj dokumentu
    • Książka
245 -Strefa tytułu i oznaczenia odpowiedzialności [0,0]
    • a
    • Tytuł
    • Dokonania współczesnej myśli ekonomicznej - teorie ekonomiczne a polityka gospodarcza państw : Find
    • b
    • Ciąg dalszy tytułu (NP)
    • praca zbiorowa / Find
    • c
    • Pozostałe elementy strefy tytułu i oznaczenia odpowiedzialności (NP)
    • pod red. Urszuli Zagóry-Jonszty ; [aut. Izabela Bludnik et al.].
260 -Strefa adresu wydawniczego [ , ]
    • a
    • Miejsce wydania (P)
    • Katowice :
    • b
    • Nazwa wydawcy (P)
    • Wydaw. AE,
    • c
    • Data wydania (P)
    • 2001.
300 -Strefa opisu fizycznego [ , ]
    • a
    • Określenie formy książki i/lub objętość (NP)
    • 349, [2] s. :
    • b
    • Oznaczenie ilustracji (NP)
    • il., wykr. ;
    • c
    • Format (NP)
    • 24 cm.
336 -Typ zawartości [ , ]
    • a
    • Termin opisujący typ zawartości
    • Tekst
    • b
    • Kod określający zawartość
    • txt
    • 2
    • Źródło (terminu i kodu)
    • rdacontent
337 -Typ mediów [ , ]
    • a
    • Tryb odtwarzania
    • Bez urządzenia pośredniczącego
    • b
    • Kod typu mediów
    • n
    • 2
    • Źródło (terminu i kodu)
    • rdamedia
338 -Typ/rodzaj nośnika [ , ]
    • a
    • Hasło opisujące typ nośnika
    • Wolumin
    • b
    • Kod typu nośnika
    • nc
    • 2
    • Źródło (terminu i kodu)
    • rdacarrier
490 -Strefa serii i książki wielotomowej - forma nie do wyszukiwania [1, ]
    • a
    • Tytuł (P)
    • Prace Naukowe / Akademia Ekonomiczna im. K. Adamieckiego Find
830 -Hasło dodatkowe serii i opisu książki wielotomowej - tytuł ujednolicony/tytuł [ ,0]
    • a
    • Tytuł ujednolicony/tytuł (NP)
    • Prace Naukowe - Akademia Ekonomiczna im. Karola Adamieckiego
    • 9
    • KHW
    • 1138
500 -Uwaga ogólna [ , ]
    • a
    • Uwaga ogólna (NP)
    • Materiały z konferencji zorganizowanej przez pracowników Zakładu Historii Myśli Ekonomicznej Katedry Ekonomii Akademii Ekonomicznej im. Karola Adamieckiego w Katowicach, która odbyła się w dniach 18-20 października 2001 r. w Wiśle.
546 -Uwaga dot. języka [ , ]
    • a
    • Uwaga dot. języka
    • Tekst częśc. czes.
546 -Uwaga dot. języka [ , ]
    • a
    • Uwaga dot. języka
    • Streszcz. pol. przy ref.
080 -Uniwersalna Klasyfikacja Dziesiętna [ , ]
    • a
    • Symbol klasyfikacji
    • 330.83(061)
080 -Uniwersalna Klasyfikacja Dziesiętna [ , ]
    • a
    • Symbol klasyfikacji
    • :338.22(437.1/.2:438:485)"19"(061)
650 -Hasło przedmiotowe [ ,7]
    • a
    • Hasło przedmiotowe
    • Globalizacja
    • y
    • Określnik chronologiczny
    • 1990-
    • v
    • Określnik formalny
    • konferencje.
    • 2
    • Źródło terminu
    • kaba
    • 9
    • KHW
    • 500533
650 -Hasło przedmiotowe [ ,7]
    • a
    • Hasło przedmiotowe
    • Liberalizm ekonomiczny
    • v
    • Określnik formalny
    • konferencje.
    • 2
    • Źródło terminu
    • kaba
    • 9
    • KHW
    • 700941
651 -Hasło przedmiotowe w formie nazwy geograficznej [ ,7]
    • a
    • Nazwa geograficzna
    • Polska
    • x
    • Określnik rzeczowy
    • sytuacja gospodarcza
    • y
    • Określnik chronologiczny
    • 1989-
    • v
    • Określnik formalny
    • konferencje.
    • 2
    • Źródło terminu
    • kaba
    • 9
    • KHW
    • 367720
651 -Hasło przedmiotowe w formie nazwy geograficznej [ ,7]
    • a
    • Nazwa geograficzna
    • Polska
    • x
    • Określnik rzeczowy
    • polityka gospodarcza
    • y
    • Określnik chronologiczny
    • 1918-1939
    • v
    • Określnik formalny
    • konferencje.
    • 2
    • Źródło terminu
    • kaba
    • 9
    • KHW
    • 700942
980 -Symbol UKD [ , ]
    • a
    • UKD
    • 330.83:338.22(437.1/.2:438:485)"19"](061)
700 -Hasło dodatkowe - nazwa osobowa [1, ]
    • a
    • Nazwa osobowa (NP)
    • Zagóra-Jonszta, Urszula Find
    • d
    • Daty biograficzne (NP)
    • (1950- ).
    • e
    • Określenie rodzaju współpracy
    • Red.
    • 9
    • KHW
    • 47451
700 -Hasło dodatkowe - nazwa osobowa [1, ]
    • a
    • Nazwa osobowa (NP)
    • Bludnik, Izabela. Find
    • 9
    • KHW
    • 12080
710 -Hasło dodatkowe - nazwa ciała zbiorowego [2, ]
    • a
    • Nazwa ciała zbiorowego lub nazwa geograficzna jako pierwszy element (NP)
    • Akademia Ekonomiczna im. Karola Adamieckiego (Katowice).
    • b
    • Nazwa jednostki podrzędnej (P)
    • Wydawnictwo Uczelniane.
    • 4
    • Kod relacji
    • pbl
    • 9
    • KHW
    • 59330
920 -ISBN [ , ]
    • a
    • ISBN
    • 83-7246-054-X Find
Lokalizacja Data inwentaryzacji Status udost. Numer inwentarzowy
BE2003-06-11-2S.90698
BE2003-06-11-2E.68828